|
|
|
|
| LEADER |
01350nam a2200313 a 4500 |
| 001 |
28519 |
| 003 |
BD-DhAAL |
| 005 |
20210623122608.0 |
| 008 |
141029r20201993enkb b 000 0 eng |
| 999 |
|
|
|c 33000
|d 33000
|
| 010 |
|
|
|a 92003074
|
| 020 |
|
|
|a 9788185618494
|
| 020 |
|
|
|a 0521251192
|
| 040 |
|
|
|a DLC
|c DLC
|d DLC
|d BD-DhAAL
|
| 043 |
|
|
|a a-ii---
|
| 050 |
0 |
0 |
|a DS436
|b .N47 1987 pt. 1, vol. 5
|a DS461
|
| 082 |
0 |
0 |
|a 954.025
|2 23
|
| 100 |
1 |
|
|a Richards, John F.
|9 5909
|
| 245 |
1 |
4 |
|a The Mughal Empire /
|c John F. Richards.
|
| 260 |
|
|
|a Cambridge ;
|a New York, NY ;
|a New Delhi :
|b Cambridge University Press,
|c 1993 [Reprint2020]
|
| 300 |
|
|
|a xvi, 320 pages :
|b maps ;
|c 24 cm.
|
| 490 |
|
4 |
|a The New Cambridge history of India ;
|v I, 5
|
| 504 |
|
|
|a Includes bibliographical references (p. 304-310) and index.
|
| 541 |
|
|
|a Karim International
|e 28519, 37501
|
| 590 |
|
|
|a In English.
|
| 651 |
|
0 |
|a Mogul Empire
|x History.
|9 5910
|
| 942 |
|
|
|2 ddc
|c BK
|
| 952 |
|
|
|0 0
|1 0
|2 ddc
|4 0
|6 954_025000000000000_RIC
|7 0
|9 43957
|a BRACUL
|b BRACUL
|c GEN
|d 2014-10-29
|e Paragon Enterprises Ltd.
|g 466.00
|l 6
|m 21
|o 954.025 RIC
|p 3010028519
|r 2025-01-12
|s 2024-10-21
|t 1
|w 2014-10-29
|y BK
|
| 952 |
|
|
|0 0
|1 0
|2 ddc
|4 0
|6 954_025000000000000_RIC
|7 0
|9 69330
|a SCL
|b SCL
|c GEN
|d 2021-03-25
|e Karim International
|g 1430.00
|l 8
|m 2
|o 954.025 RIC
|p 3020037501
|r 2025-03-02
|s 2025-02-23
|t 2
|v 1430.00
|w 2021-03-25
|y BK
|